Virtuální polytechnická knihovna - Souborný katalog - Úplný záznam dokumentu - MARC Uživatel: --- 
-----nas  22-----zu 4500
001 SKVPK0031857
003 CZ-VPK
005 20260422121137.0
008 260422d19641966||||| | |||  ||   |||||||
040   $aABA013$bcze
222  0$aOil Firing
245 00$aOil Firing
260   $aVelká Británie :$bMidhurst : vl. n.,$c1964-1966
650 07$achemie$xch$2psh
785 00$tOil and Gas Firing
910   $aABA013$r1964-1966
OAI-PMH
 čtvrtek 14.05.2026 02:30:19 © 2001-2015 Národní technická knihovna 

[Virtuální polytechnická knihovna] [Servisní centrum] [Souborný katalog]